| 000 -LEADER |
| fixed length control field |
00626nam a2200169Ia 4500 |
| 003 - CONTROL NUMBER IDENTIFIER |
| control field |
OSt |
| 005 - DATE AND TIME OF LATEST TRANSACTION |
| control field |
20260316125613.0 |
| 008 - FIXED-LENGTH DATA ELEMENTS--GENERAL INFORMATION |
| fixed length control field |
260210s9999 xx 000 0 und d |
| 020 ## - INTERNATIONAL STANDARD BOOK NUMBER |
| International Standard Book Number |
9781946226228 |
| 082 ## - DEWEY DECIMAL CLASSIFICATION NUMBER |
| Classification number |
724.6 |
| 100 ## - MAIN ENTRY--PERSONAL NAME |
| Personal name |
Victor Deupi |
| 245 #0 - TITLE STATEMENT |
| Title |
ransformations in Classical Architecture: New Directions in Research and Practice, |
| 260 ## - PUBLICATION, DISTRIBUTION, ETC. (IMPRINT) |
| Name of publisher, distributor, etc |
OSCAR RIERA OJEDA 2019 |
| 260 ## - PUBLICATION, DISTRIBUTION, ETC. (IMPRINT) |
| Date of publication, distribution, etc |
2019 |
| 500 ## - GENERAL NOTE |
| General note |
The work studies the evolution of classical architectural language in contemporary practice, including sustainability, digital technologies, and new theoretical approaches to classical design. |
| 942 ## - ADDED ENTRY ELEMENTS (KOHA) |
| Item type |
R&D Books |
| Source of classification or shelving scheme |
|